000 00695cam a2200217 4500
001 WB3703-10
008 000000n2001 000 0 eng u
035 _a(Sirsi) u110409
245 _aGreen audit for houses dropped
260 _c2001
490 _aIndependent
_v 17 January 2001, 8(1)
520 _aContrary to earlier commitments, government has dropped the requirement from the Homes Bill for people selling their own homes to provide information on energy efficiency.
590 _aWB
650 _aHOME INFORMATION PACKS
650 _aENERGY EFFICIENT HOUSING
650 _aREFORM
650 _aHOMES BILL 2001
650 _aGREEN AUDITS
690 _aHOUSING
942 _n0
999 _c65822
_d65822